| 000 | 01067cam a2200325 a 4500 | ||
|---|---|---|---|
| 999 |
_c5744 _d5744 |
||
| 001 | 6224107 | ||
| 003 | CaAEU | ||
| 005 | 20220617084830.0 | ||
| 008 | 030709s2004 nyuabc 001 0 eng | ||
| 010 | _a 2003058818 | ||
| 020 | _a0131402005 (v. 2) | ||
| 035 | _aocn369906278 | ||
| 040 |
_aDLC _beng _cALUPE UNIVERSITY _dDLC _dCaAEVC |
||
| 050 | 0 | 0 |
_aPE1122 _b.S65 2005 |
| 082 | 0 | 0 |
_a468.6/4 _222 |
| 090 |
_a428.6 SMI _bAEVC |
||
| 100 | 1 | _aSmith, Lorraine C. | |
| 245 | 1 | 0 |
_aExploring content. _p2 : _breading for academic success / _cLorraine C. Smith. |
| 260 |
_aWhite Plains, NY : _bLongman, _cc2005. |
||
| 300 |
_axviii, 286 p. : _bill., maps, ports. ; _c26 cm. |
||
| 336 |
_atext _btxt _2rdacontent |
||
| 337 |
_aunmediated _bn _2rdamedia |
||
| 338 |
_avolume _bnc _2rdacarrier |
||
| 500 | _aIncludes index. | ||
| 650 | 0 | _aCollege readers. | |
| 650 | 0 |
_aEnglish language _vTextbooks for foreign speakers. |
|
| 650 | 0 |
_aReading (Higher education) _vProblems, exercises, etc. |
|
| 942 |
_2lcc _cBK _nAB |
||
| 949 |
_a428.6 SMI _hNORQM-B _i33862000810576 _j1 _n8 _p32.95 |
||